Comprehensive Textbook of Foundation of Nursing (Record no. 231)

MARC details
000 -LEADER
Fixed length control field 00490nam a2200181Ia 4500
003 - CONTROL NUMBER IDENTIFIER
Control field IIN
005 - DATE AND TIME OF LATEST TRANSACTION
Control field 20240103161448.0
008 - FIXED-LENGTH DATA ELEMENTS--GENERAL INFORMATION
Fixed length control field 231217s9999 xx 000 0 und d
020 ## - INTERNATIONAL STANDARD BOOK NUMBER / ISBN
Price Rs.595.00
International Standard Book Number 9789352500215
040 ## - CATALOGING SOURCE
Original cataloging agency IIN
Language of cataloging English
082 ## - DEWEY DECIMAL CLASSIFICATION NUMBER
Classification number 610.73
Book Number NIS
100 1# - MAIN ENTRY--PERSONAL NAME
Personal name Nissanka, Rebecca
245 1# - TITLE STATEMENT
Title Comprehensive Textbook of Foundation of Nursing
Statement of responsibility Rebecca Nissanka
260 ## - IMPRINT
Name of publisher Jaypee
Place of publication New Delhi
Date of publication 2016
300 ## - PHYSICAL DESCRIPTION
Page / Vol. No xxvi, 374 p.
650 1# - SUBJECT ADDED ENTRY--TOPICAL TERM
Topical term Foundation
Form subdivision Nursing
942 ## - ADDED ENTRY ELEMENTS (KOHA)
Koha item type Books
Holdings
Withdrawn status Lost status Source of classification Damaged status Not for loan Collection code Home library Current library Date acquired Price Total Checkouts Call number Accession number Date last seen Price effective from Koha item type
    Dewey Decimal Classification       IDEAL INSTITUTE OF NURSING IDEAL INSTITUTE OF NURSING 17/12/2023 595.00   610.73 NIS 226 17/12/2023 17/12/2023 Books
    Dewey Decimal Classification       IDEAL INSTITUTE OF NURSING IDEAL INSTITUTE OF NURSING 17/12/2023 595.00   610.73 NIS 227 17/12/2023 17/12/2023 Books
    Dewey Decimal Classification       IDEAL INSTITUTE OF NURSING IDEAL INSTITUTE OF NURSING 17/12/2023 595.00   610.73 NIS 228 17/12/2023 17/12/2023 Books
    Dewey Decimal Classification       IDEAL INSTITUTE OF NURSING IDEAL INSTITUTE OF NURSING 17/12/2023 595.00   610.73 NIS 229 17/12/2023 17/12/2023 Books
    Dewey Decimal Classification       IDEAL INSTITUTE OF NURSING IDEAL INSTITUTE OF NURSING 17/12/2023 595.00   610.73 NIS 230 17/12/2023 17/12/2023 Books
© Ideal Institute Of Nursing, All rights reserved.         Powered by Koha